000
00205 a2200097 4500
001
5055
100
_a
Titterton,EW
245
_a
Facing the atomic future
260
_a
_b
Macmillan
_c
090
_c
4207
_d
4207
942
_a
NUST-CAE
_c
M
_c
30498
999
_c
240128
_d
240128